Pingulala General Knowledge 1 (Easy) - Statistics

General Stats
  • This quiz has been taken 36 times
  • The average score is 14 of 15
Answer Stats
Hint Answer % Correct
How many hours are in a day? 24
100%
What’s the name of the famous clock in London? Big Ben
100%
What is the currency used in the United States? Dollar
100%
Who was the first president of the United States? George Washington
100%
What is the capital city of the United States? Washington, D.C.
100%
Which company is famous for making the iPhone? Apple
97%
Which country is known for the pyramids of Giza? Egypt
97%
What is the main language spoken in Spain? Spanish
97%
In which ocean is the island of Madagascar located? Indian Ocean
94%
In which city would you find the famous landmark, the Colosseum? Rome
94%
Which planet is known as the "Blue Planet"? Earth
90%
How many legs do insects have? Six
90%
What’s the main ingredient in guacamole? Avocado
87%
Which planet is closest to the Sun? Mercury
87%
Which bird is known for its colorful tail feathers? Peacock
87%
No matching quizzes found
Score Distribution
Percent of People with Each Score
Percentile by Number Answered
Your Score History
You have not taken this quiz